Sports Quiz

Random Sports or Baseball Quiz

NL Batting Champions other than Tony Gwynn, 1982-2001 Quiz Stats

 Plays Quiz not verified by Sporcle

Challenge
Share
Tweet
Embed
Score 0/9 Timer 02:00
0 Plays Today
Year(s) Name % Correct
1998-'99, 2001Larry Walker
76.2%
2000Todd Helton
57.1%
1985, '90Willie McGee
54.6%
1991Terry Pendleton
50.4%
1993Andres Galarraga
46.8%
1992Gary Sheffield
42.9%
1986Tim Raines
33.3%
1983Bill Madlock
28.7%
1982Al Oliver
15.2%

You're not logged in!

Compare scores with friends on all Sporcle quizzes.
Join for Free
OR
Log In

You Might Also Like...

Show Comments

Extras

Top Quizzes Today


Score Distribution

Your Account Isn't Verified!

In order to create a playlist on Sporcle, you need to verify the email address you used during registration. Go to your Sporcle Settings to finish the process.

Report this User

Report this user for behavior that violates our Community Guidelines.

Details: